Cartões (Registo nº 75)

Detalhes MARC
000 -Etiqueta do registo
Cabeçalho 00668nam0a22002891 4500
005 - Identificador da versão
Campo de controlo 20240813121754.0
010 ## - Número internacional normalizado dos livros (ISBN)
Número (ISBN) 9728528248
021 ## - Número do Depósito Legal
Código do país PT
Número B-366-99
035 ## - Other System Control Numbers
System Control Number 0000079
System Control Number 0000079
System Control Number 0000079
System Control Number 0000079
100 ## - Dados gerais de processamento
Dados gerais de processamento 20041103d a e0pory5003 ba
102 ## - Pais de publicação ou produção
País de publicação Portugal
101 1# - Língua de publicação
Língua do texto, banda sonora, etc. Português
Língua do documento no original Espanhol
106 ## - Campo de dados codificados: material textual
Dados codificados do material textual r
105 ## - Campo de dados codificados: livros
Dados codificados dos livros y z 001yy
215 ## - Descrição física 
Indicação específica da natureza do documento e extensão da espécie p.48
Dimensões cm
200 1# - Titulo e menção de responsabilidade
Título próprio Cartões
Primeira menção de responsabilidade Kim Solga
225 2# - Colecção 
Título próprio da colecção Biblioteca Escolar de Arte e Actividades
210 ## - Publicação, Distribuição, etc. 
Lugar da edição, distribuição, etc. Lisboa
Nome do editor, distribuidor, etc. Liarte
Data da publicação, distribuição, etc. 1999
701 #1 - Nome de autor-pessoa física (co-responsabilidade principal)
Palavra de ordem Solga
Outra parte do nome não tomada para palavra de ordem Kim
966 ## - Identificação da Biblioteca
Sigla NUMETECA
942 ## - Elementos de entrada adicionados (Koha)
Tipo de item no Koha Livro
Exemplares
Situação do levantamento Origin of item (home branch) (coded) Biblioteca de empréstimo Código de barras Cota Circulation type (not for loan) Tipo de documento Nota do exemplar Damaged status
  Biblioteca Escolar Eng. Nuno Mergulhão Biblioteca Escolar Eng. Nuno Mergulhão BENM603 7TMA SOL   Livro Sem mensagem